Sectores populares, derechos y acceso a la Justicia. : Un estudio de las necesidades legales insatisfechas /
Guardado en:
| Autor Principal: | |
|---|---|
| Autor Corporativo: | |
| Formato: | Libro |
| Idioma: | Spanish |
| Publicado: |
Ciudad Autónoma de Buenos Aires :
ACIJ,
2013.
|
| Materias: | |
| Acceso en línea: | ACIJ - Asociación Civil por la Igualdad y la Justicia |
| Etiquetas: |
Agregar Etiqueta
Sin Etiquetas, Sea el primero en etiquetar este registro!
|
| LEADER | 00752nam a22001575a 4500 | ||
|---|---|---|---|
| 001 | DER.der013816 | ||
| 005 | 20190327130752.0 | ||
| 008 | 190327s2013####ag######s#####000#0#spa#d | ||
| 100 | 1 | |a Bercovich, Luciana. | |
| 245 | 1 | 0 | |a Sectores populares, derechos y acceso a la Justicia. : |b Un estudio de las necesidades legales insatisfechas / |c Bercovich, Luciana |h [recurso electrónico]. |
| 260 | |a Ciudad Autónoma de Buenos Aires : |b ACIJ, |c 2013. | ||
| 500 | |a Título tomado del pdf (visto el 27 de marzo de 2019). | ||
| 538 | |a Modo de acceso: World Wide Web. | ||
| 653 | |a ÉTICA | ||
| 710 | 2 | |a ACIJ. | |
| 856 | 4 | 0 | |u https://acij.org.ar/wp-content/uploads/2014/06/Informe-Sectores-populares-derechos-y-acceso-a-la-justicia.pdf |y ACIJ - Asociación Civil por la Igualdad y la Justicia |
